000 00302nam a2200133Ia 4500
008 200103s9999||||xx |||||||||||||| ||und||
040 _aIMU-MPC
082 _aColumn-40
100 _aDuncan, J.
245 0 _aSteam and other Engines
260 _bMacmillan, London
_c1958
300 _a535
942 _cBK
999 _c8428
_d8428